00705cam a22002651 4500001001300000003000400013005001700017008004100034010001700075035002000092040001800112042001200130050001800142245002400160260001100184300002200195500001400217600003500231700003500266700002800301700002600329700002900355740003800384999001700422sa 68001359 DLC20260227112432.0890508s1966 ii 000 0 orio  asa 68001359  a(OCoLC)19676815 aDLCcWaUdDLC apremarc00aDS481.N35bJ200aJabāhāralāla. c[1966] a3, 216 p.c22 cm. aIn Oriya.10aNehru, Jawaharlal,d1889-1964.1 aNehru, Jawaharlal,d1889-1964.1 aPatnaik, Ananta,d1913-1 aKara, Bicitrānanda.1 aPatnaik, Pathani,d1928-0 aJabāhāralāla smaraṇikā. c77889d77889